| 000 | 00471nam a22001577a 4500 | ||
|---|---|---|---|
| 003 | macl | ||
| 005 | 20200205130417.0 | ||
| 008 | 200205b xxu||||| |||| 00| 0 eng d | ||
| 040 | _cmacl | ||
| 082 | _a891.431KUM/P | ||
| 100 |
_aकुमार ,कमल _975523 |
||
| 245 | _aसूर्य देता है मंत्र | ||
| 260 |
_aदिल्ली _bसरला प्रकाशन _c2017 |
||
| 650 |
_aकविता _978035 |
||
| 942 |
_2ddc _cHIN |
||
| 999 |
_c61950 _d61950 |
||